| 000 | 00763cam a22002291 4500 | ||
|---|---|---|---|
| 001 | 000014205 | ||
| 005 | 20260520104305.0 | ||
| 008 | 751106s1964 xxc 000 0 eng d | ||
| 040 |
_aDO-SdBNP _cOTU _dOCoLC _dDLC _dBNPHU |
||
| 042 | _apremarc | ||
| 082 |
_a327.73 _bL415f |
||
| 245 | 0 | 0 |
_aLaw, foreign policy, and the east-west détente / _cEdward McWhinney. |
| 260 |
_aToronto : _bUniversity of Toronto, _c1964. |
||
| 300 |
_aviii, 123 p. : ; _c23 cm. |
||
| 504 | _aBibliography: p. [121]-123. | ||
| 650 | 0 |
_aRelaciones internacionales _9399 |
|
| 650 | 4 |
_aPolítica internacional _y1955-1965. _932087 |
|
| 651 | 4 |
_aCánada _xRelaciones Internacionales _932088 |
|
| 700 | 1 |
_aMcWhinney, Edward, _eed. _932089 |
|
| 910 | _aCatalogación derivada | ||
| 049 | _aBNGR | ||
| 999 |
_c13805 _d13805 |
||